000 00305nam a2200157Ia 4500
100 _aBentley/Jon
250 _a2
942 _cBK
654 _aPearls
245 _aProgramming Pearls
260 _bPearson Ed
_c2000
082 _a005.1/BEN
_bBEN
300 _a239
546 _aENGLISH
999 _c30697
_d30697